<?xml version="1.0" encoding="UTF-8"?>
<record
    xmlns:xsi="http://www.w3.org/2001/XMLSchema-instance"
    xsi:schemaLocation="http://www.loc.gov/MARC21/slim http://www.loc.gov/standards/marcxml/schema/MARC21slim.xsd"
    xmlns="http://www.loc.gov/MARC21/slim">

  <leader>01656    a2200229   4500</leader>
  <controlfield tag="001">3102</controlfield>
  <controlfield tag="005">20260407155424.0</controlfield>
  <controlfield tag="008">260407a2001    arg                 spa d</controlfield>
  <controlfield tag="003">AR-UNSa-BCEJYS</controlfield>
  <datafield tag="040" ind1=" " ind2=" ">
    <subfield code="a">AR-UNSa-BCEJYS</subfield>
    <subfield code="b">spa</subfield>
    <subfield code="c">AR-UNSa-BCEJYS</subfield>
  </datafield>
  <datafield tag="080" ind1=" " ind2=" ">
    <subfield code="a">339.745</subfield>
    <subfield code="x">Pol&#xED;tica sobre el mercado de divisas</subfield>
  </datafield>
  <datafield tag="245" ind1="1" ind2="0">
    <subfield code="a">Mercados e instituciones financieros</subfield>
  </datafield>
  <datafield tag="020" ind1=" " ind2=" ">
    <subfield code="a">970-686-132-7</subfield>
  </datafield>
  <datafield tag="250" ind1=" " ind2=" ">
    <subfield code="a">5a. ed.</subfield>
  </datafield>
  <datafield tag="264" ind1=" " ind2="1">
    <subfield code="a">M&#xE9;xico :</subfield>
    <subfield code="b">Thomson Learning</subfield>
    <subfield code="c">2001</subfield>
  </datafield>
  <datafield tag="300" ind1=" " ind2=" ">
    <subfield code="a">xx, 698 p.</subfield>
    <subfield code="c">24 cm.</subfield>
  </datafield>
  <datafield tag="505" ind1=" " ind2=" ">
    <subfield code="a">1. Papel de los mercados e instituciones financieras - 2. Determinaci&#xF3;n de las tasas de inter&#xE9;s - 3. Estructura de las tasas de inter&#xE9;s - 4. Funciones de la Fed - 5. Teor&#xED;a y pol&#xED;tica monetarias - 6. Mercado de dinero - 7. Mercados de bonos - 8. Valuaci&#xF3;n y riesgo de bonos - 9. Mercados h&#xEC;potecarios - 10. Mercados accionarios - 11. Valuaci&#xF3;n y riesgo de acciones - 12. Mercados de futuros financieros - 13. Mercados de opciones - 14. Mercados de derivadas de tasas de inter&#xE9;s - 15. Mercados de derivados de divisas - 16. Operaciones de la banca comercial - 17. Regulaci&#xF3;n bancaria - 18. Administraci&#xF3;n bancaria - 19. Desempe&#xF1;o bancario - 20. Banca internacional - 21. Operaciones de ahorros - 22. Operaciones de financiamiento al consumidor - 23. Operaciones de sociedades de inversi&#xF3;n - 24. Operaciones con valores - 25. Operaciones de seguros - 26. Operaciones de fondos de pensiones - 27. Uniones de cr&#xE9;dito. </subfield>
  </datafield>
  <datafield tag="942" ind1=" " ind2=" ">
    <subfield code="c">BK</subfield>
  </datafield>
  <datafield tag="590" ind1=" " ind2=" ">
    <subfield code="a">niveau_biblio:m niveau_hierar:0</subfield>
  </datafield>
  <datafield tag="100" ind1="1" ind2=" ">
    <subfield code="a">Madura, Jeff</subfield>
  </datafield>
  <datafield tag="856" ind1="4" ind2="1">
    <subfield code="u">https://biblioeco.unsa.edu.ar/pmb/images/libros/Mercado e instituciones-l117900.jpg</subfield>
    <subfield code="y">Imagen de portada</subfield>
    <subfield code="q">image/jpeg</subfield>
  </datafield>
  <datafield tag="999" ind1=" " ind2=" ">
    <subfield code="c">282</subfield>
    <subfield code="d">282</subfield>
  </datafield>
  <datafield tag="952" ind1=" " ind2=" ">
    <subfield code="0">0</subfield>
    <subfield code="1">0</subfield>
    <subfield code="4">0</subfield>
    <subfield code="7">0</subfield>
    <subfield code="a">BCEJYS</subfield>
    <subfield code="b">BCEJYS</subfield>
    <subfield code="c">16</subfield>
    <subfield code="d">2026-04-07</subfield>
    <subfield code="l">0</subfield>
    <subfield code="o">339.745 M178</subfield>
    <subfield code="p">L117900</subfield>
    <subfield code="r">2026-04-07 15:54:24</subfield>
    <subfield code="w">2026-04-07</subfield>
    <subfield code="y">L</subfield>
  </datafield>
</record>
